01507naa a2200325 a 450000100080000000500110000800800410001910000170006024500340007726000090011149000300012052007220015065000230087265000120089565000100090765000110091765000100092865300240093865300190096265300170098165300170099865300120101565300110102765300120103865300150105065300100106565300110107565300100108677300850109611321912022-08-08 2021 bl uuuu u00u1 u #d1 aALVES, J. R. aTrigo.h[electronic resource] c2021 a(Epagri. Documentos, 349) aNo m??s de maio, para o mercado catarinense, as cota????es no mercado de balc??o (valor pago ao produtor) para a saca de 60kg de trigo tiveram varia????o positiva de 2,68% em rela????o a abril. No mercado paranaense, foi registrado queda nos pre??os de 1,63%, enquanto que no mercado ga??cho, alta de 4,48%. A varia????o anual de pre??os no mercado catarinense, foi 68,2% superior ao pre??o m??dio praticado em maio de 2020. Durante o m??s de maio a procura pelo cereal por parte dos compradores, foi muito baixa. Os moinhos seguem abastecidos e a demanda do mercado consumidor n??o tem apresentado rea????o. Em fun????o da alta valoriza????o do milho, apenas o farelo de trigo apresentou aumento no volume de vendas. aanalise de mercado apre??os asafra asafras atrigo aAn??lise de mercado a??rea plantada aexporta????o aimporta????o amercado apre??o apre??os aprodu????o asafra asafras atrigo tIn: Boletim Agropecu??rio - dezembro/2021. Florian??polis: Epagri, 2021. p.26-27